| 000 | 00745cam a2200217 4500 | ||
|---|---|---|---|
| 001 | WB3731-57 | ||
| 008 | 010809n2001 000 0 eng u | ||
| 035 | _a(Sirsi) u114046 | ||
| 245 | _aFMD drives up farmland prices | ||
| 260 | _c2001 | ||
| 490 |
_aRICS Press Release _v(pr100) 31 July 2001, (2) |
||
| 520 | _aThe RICS rural survey for 2Q 2001 shows an 12.8% increase in farmland prices in 1Q 2001, from £7,155 to £8,072 per hectare. Continuing outbreaks of foot and mouth and movement restrictions are likely to have caused the rise. | ||
| 590 | _aWB | ||
| 650 | _aRICS | ||
| 650 | _aFARMLAND PRICES | ||
| 650 | _aFOOT-AND-MOUTH DISEASE | ||
| 650 | _aRURAL ECONOMY | ||
| 650 | _aFARMS | ||
| 690 | _aRURAL-MARKET | ||
| 942 | _n0 | ||
| 999 |
_c67979 _d67979 |
||